AAA Method Application in Evaluating Teaching Strategies for Developing Critical and Creative Thinking

Poukázanie na konkrétny spôsob hodnotenia získanej úrovne odbornej spôsobilosti študentov predškolskej a základnej pedagogiky, ako aj učiteľov technických predmetov. Implementácia vyučovacích stratégií pre rozvoj kritického a tvorivého myslenia prostredníctvom metódy AAA.

Salvato in:
Dettagli Bibliografici
Autore principale: Brečka, Peter
Altri autori: Valentová, Monika
Natura: Capitolo di libro
Lingua:inglese
Soggetti:
Tags: Aggiungi Tag
Nessun Tag, puoi essere il primo ad aggiungerne!!

MARC

LEADER 00000naa a2200000 4500
001 0267150
005 20211217133632.9
041 0 |a eng 
044 |a CZ 
245 1 0 |a AAA Method Application in Evaluating Teaching Strategies for Developing Critical and Creative Thinking  |c Peter Brečka, Monika Valentová 
520 |a Poukázanie na konkrétny spôsob hodnotenia získanej úrovne odbornej spôsobilosti študentov predškolskej a základnej pedagogiky, ako aj učiteľov technických predmetov. Implementácia vyučovacích stratégií pre rozvoj kritického a tvorivého myslenia prostredníctvom metódy AAA. 
610 2 0 |a metódy 
610 2 0 |a kreativita 
610 2 0 |a kritika 
610 2 0 |a učitelia 
610 2 0 |a vzdelávanie 
610 2 0 |a myslenie kritické 
100 1 |a Brečka, Peter 
700 1 |a Valentová, Monika